[Event "Sparkassen Open A 2013"]
[Site "Dortmund GER"]
[Date "2013.07.31"]
[Round "5.38"]
[White "Morgenroth, Hubertus"]
[Black "Stoer, Agnes"]
[Result "0-1"]
[WhiteElo "1857"]
[BlackElo "1869"]
[WhiteFideId "12922269"]
[BlackFideId "1270593"]
[EventDate "2013.07.27"]

1. e4 c6 2. d4 d5 3. e5 Bf5 4. Bd3 Bxd3 5. Qxd3 e6 6. Ne2 Ne7 7. Ng3 Ng6 8. O-O
Be7 9. Nc3 O-O 10. f4 f5 11. Nce2 Nd7 12. c4 Rc8 13. Bd2 Nb6 14. b3 c5 15. cxd5
Qxd5 16. Be3 Rfd8 17. Rac1 cxd4 18. Nxd4 Rxc1 19. Rxc1 Bc5 20. Nge2 Nh4 21. Kf1
Qxg2+ 22. Ke1 Nf3+ 23. Kd1 Bxd4 0-1

[Event "Sparkassen Open A 2013"]
[Site "Dortmund GER"]
[Date "2013.07.31"]
[Round "5.39"]
[White "Sherif, Amina"]
[Black "Deinert, Wolfgang"]
[Result "1-0"]
[WhiteElo "1641"]
[BlackElo "1778"]
[WhiteFideId "12911690"]
[BlackFideId "4685229"]
[EventDate "2013.07.27"]

1. e4 e6 2. d4 d5 3. Nd2 c5 4. exd5 exd5 5. Ngf3 Nf6 6. Bb5+ Bd7 7. Bxd7+ Nbxd7
8. O-O Be7 9. dxc5 O-O 10. Nb3 Nxc5 11. Nxc5 Bxc5 12. Bg5 b6 13. c3 Re8 14. Qd3
Be7 15. Rad1 h6 16. Bxf6 Bxf6 17. Rd2 Rc8 18. Rfd1 Rc5 19. Kf1 Qc8 20. Re2 Rxe2
21. Qxe2 Qe6 22. Re1 Qxe2+ 23. Rxe2 Kf8 24. Ke1 a5 25. Kd2 b5 26. Ne5 Bxe5 27.
Rxe5 b4 28. c4 Rxc4 29. Rxd5 a4 30. b3 axb3 31. axb3 Rc3 32. Rd3 Rc6 33. Rd4 Rb6
34. Kd3 Ke7 35. Kc4 Ke6 36. Kc5 Ra6 37. Rd2 Ra1 38. g3 Rb1 39. Kxb4 f5 40. Kc3
g5 41. Ra2 h5 42. Ra6+ Ke5 43. Rh6 g4 44. Rxh5 Rf1 45. b4 Rxf2 46. b5 Kd6 47.
Kb4 Kc7 48. Rh6 f4 49. gxf4 Rxf4+ 50. Ka5 Rf3 51. Rh7+ Kb8 52. Ka6 Rh3 53. Rxh3
gxh3 54. Kb6 Ka8 55. Kc7 1-0

[Event "Sparkassen Open A 2013"]
[Site "Dortmund GER"]
[Date "2013.08.01"]
[Round "6.3"]
[White "Heck, Norbert"]
[Black "Jesse, Ingemars"]
[Result "1-0"]
[WhiteTitle "FM"]
[BlackTitle "FM"]
[WhiteElo "2280"]
[BlackElo "2320"]
[WhiteFideId "4622928"]
[BlackFideId "11602724"]
[EventDate "2013.07.27"]

1. Nf3 g6 2. c4 Bg7 3. g3 c5 4. Bg2 Nc6 5. Nc3 e5 6. d3 h6 7. O-O Nge7 8. Rb1 d6
9. a3 f5 10. Bd2 a5 11. Ne1 Be6 12. Nc2 d5 13. cxd5 Nxd5 14. Ne3 Nde7 15. Na4 b6
16. b4 axb4 17. axb4 f4 18. b5 Nd4 19. Bxa8 Qxa8 20. Nxb6 Qb7 21. Nec4 O-O 22.
f3 Bh3 23. Rf2 Nef5 24. Na4 Nxg3 25. hxg3 fxg3 26. Rg2 Rxf3 27. Nd6 Qa8 28. Ne4
Bxg2 29. Kxg2 Rf2+ 30. Kxg3 Rxe2 31. Nac3 Qf8 32. Qf1 Nf5+ 33. Kh3 Rxd2 34. Nxd2
Qd8 35. Qf2 Qxd3+ 36. Qf3 Ne3 37. Nce4 g5 38. Rb3 Qd7+ 39. Kh2 Nc2 40. b6 g4 41.
Qd3 g3+ 42. Qxg3 Qf5 43. Rf3 Qh5+ 44. Kg1 Kh7 45. Ng5+ 1-0

[Event "Sparkassen Open A 2013"]
[Site "Dortmund GER"]
[Date "2013.08.01"]
[Round "6.4"]
[White "Heinert, Eugen"]
[Black "Michalczak, Thomas"]
[Result "1/2-1/2"]
[BlackTitle "FM"]
[WhiteElo "2129"]
[BlackElo "2299"]
[WhiteFideId "24621390"]
[BlackFideId "4622634"]
[EventDate "2013.07.27"]

1. d4 d5 2. Nf3 Nf6 3. c4 e6 4. Nc3 Nbd7 5. c5 c6 6. Bf4 Be7 7. e3 O-O 8. h3 b6
9. b4 a5 10. a3 Ba6 11. Bxa6 Rxa6 12. b5 cxb5 13. c6 Qc8 14. c7 b4 15. Nb5 a4
16. Rc1 Ne4 17. Nd2 Ndf6 18. f3 Nxd2 19. Bd6 Nc4 20. Bxe7 Re8 21. Bxb4 Qd7 22.
Nd6 Qxc7 23. Qe2 Rd8 24. Nxc4 b5 25. O-O bxc4 26. Rb1 Rb8 27. e4 Qd7 28. Qe3
Rab6 29. e5 Ne8 30. g4 Nc7 31. Rbc1 Na6 32. Bd6 Rb3 33. Qg5 Re8 34. f4 Qa7 35.
Rcd1 Rd3 36. Rxd3 cxd3 37. f5 Qxd4+ 38. Rf2 Nc5 39. Bxc5 Qxc5 40. f6 g6 41. Qh6
Qf8 42. Qxf8+ Kxf8 43. Rd2 Rc8 44. Rxd3 Ke8 45. Rd4 Rc4 46. Rxc4 dxc4 47. Kf2
Kd7 48. Ke3 Kc6 49. Kd4 c3 50. Kxc3 Kd5 51. Kb4 Kxe5 52. Kxa4 Kxf6 53. Kb5 Ke7
54. g5 Kd7 55. Kb6 Kc8 56. Kc6 Kb8 57. Kb6 1/2-1/2

[Event "Sparkassen Open A 2013"]
[Site "Dortmund GER"]
[Date "2013.08.01"]
[Round "6.5"]
[White "Webb, Laurence E"]
[Black "Kozlov, Alexander GER"]
[Result "1-0"]
[WhiteTitle "FM"]
[WhiteElo "2286"]
[BlackElo "2172"]
[WhiteFideId "402389"]
[BlackFideId "4652908"]
[EventDate "2013.07.27"]

1. e4 d6 2. d4 Nf6 3. Bd3 e5 4. c3 c6 5. Nf3 Be7 6. dxe5 dxe5 7. Nxe5 Qc7 8. Nf3
Bg4 9. O-O Nbd7 10. Nbd2 Nc5 11. Bc2 Rd8 12. Qe2 O-O 13. e5 Nd5 14. b4 Nf4 15.
Qc4 Nce6 16. a4 Bh5 17. Re1 Qd7 18. g3 Nd3 19. Re3 Nxc1 20. Rxc1 a5 21. bxa5 Qc7
22. a6 Bc5 23. Rd3 bxa6 24. Rxd8 Rxd8 25. Qxa6 g5 26. h3 g4 27. hxg4 Bxg4 28.
Qc4 Bh5 29. Kg2 Be7 30. Rh1 Bg6 31. Qg4 Kf8 32. Bxg6 hxg6 33. Ne4 Ke8 34. Nf6+
Bxf6 35. exf6 c5 36. Qe4 Kd7 37. Ne5+ Kc8 38. Qa8+ 1-0

[Event "Sparkassen Open A 2013"]
[Site "Dortmund GER"]
[Date "2013.08.01"]
[Round "6.6"]
[White "Torres-Kuckel, Rafael"]
[Black "Friedel, Marcus"]
[Result "1/2-1/2"]
[WhiteTitle "FM"]
[WhiteElo "2269"]
[BlackElo "2120"]
[WhiteFideId "4625072"]
[BlackFideId "4688708"]
[EventDate "2013.07.27"]

1. e4 e5 2. Nf3 Nc6 3. Bb5 Nf6 4. O-O Nxe4 5. Re1 Nd6 6. Nxe5 Be7 7. Bf1 Nxe5 8.
Rxe5 O-O 9. Nc3 Ne8 10. Nd5 Bd6 11. Re1 c6 12. Ne3 Bc7 13. Nf5 d5 14. Ne7+ Kh8
15. Nxc8 Rxc8 16. d4 Nf6 17. Bg5 Qd6 18. g3 Ne4 19. Bf4 Qb4 20. Bxc7 1/2-1/2

[Event "Sparkassen Open A 2013"]
[Site "Dortmund GER"]
[Date "2013.08.01"]
[Round "6.9"]
[White "Schiefelbusch, Dirk"]
[Black "Buckels, Valentin"]
[Result "1/2-1/2"]
[WhiteElo "2133"]
[BlackElo "1975"]
[WhiteFideId "4694139"]
[BlackFideId "12942766"]
[EventDate "2013.07.27"]

1. b4 e5 2. Bb2 Bxb4 3. Bxe5 Nf6 4. c4 O-O 5. Nf3 Re8 6. e3 d5 7. cxd5 Nxd5 8.
Bb2 Nf4 9. a3 Bf8 10. Qa4 Ne6 11. d4 a6 12. Be2 c5 13. O-O cxd4 14. Nxd4 Nxd4
15. Qxd4 Nc6 16. Qxd8 Rxd8 17. Bf3 Be6 18. Nc3 Rd2 19. Rab1 Na5 20. Ne4 Rd7 21.
a4 Rad8 22. Bd4 Nc4 23. Rfc1 h6 24. Be2 Bf5 25. Rxc4 Bxe4 26. Rb6 Bd6 27. f3 Bc6
28. Kf2 Be7 29. g3 Rd5 30. h4 R8d7 31. f4 Ra5 32. Bd1 Bc5 33. Rxc6 bxc6 34. Bg4
Rxd4 35. exd4 Ba7 36. Bd7 Rd5 37. Bxc6 Rxd4 38. Rxd4 Bxd4+ 39. Kf3 a5 40. g4 g6 1/2-1/2

[Event "Sparkassen Open A 2013"]
[Site "Dortmund GER"]
[Date "2013.08.01"]
[Round "6.10"]
[White "Zolfagharian, Kevin"]
[Black "Koenig, Christian"]
[Result "1/2-1/2"]
[WhiteElo "2010"]
[BlackElo "2114"]
[WhiteFideId "12933570"]
[BlackFideId "4656997"]
[EventDate "2013.07.27"]

1. e4 c5 2. Nf3 e6 3. b3 a6 4. Bb2 d6 5. d4 cxd4 6. Nxd4 Nf6 7. Bd3 Be7 8. O-O
O-O 9. Nd2 Nbd7 10. c4 Qc7 11. Kh1 Rd8 12. f4 e5 13. Nf5 Bf8 14. Qf3 exf4 15.
Qxf4 Ne5 16. Bc2 Bxf5 17. exf5 Nd5 18. Qg3 Nb4 19. Be4 f6 20. a3 d5 21. Bf3 dxc4
22. Nxc4 Nbd3 23. Bxe5 Nxe5 24. Rad1 Bd6 25. Nxd6 1/2-1/2

[Event "Sparkassen Open A 2013"]
[Site "Dortmund GER"]
[Date "2013.08.01"]
[Round "6.11"]
[White "Imcke, Patrick"]
[Black "Beutelhoff, Josef"]
[Result "1-0"]
[WhiteElo "1962"]
[BlackElo "2111"]
[WhiteFideId "4622502"]
[BlackFideId "4621336"]
[EventDate "2013.07.27"]

1. e4 e6 2. d4 d5 3. Nc3 dxe4 4. Nxe4 Nd7 5. Nf3 Ngf6 6. Bd3 c5 7. Bg5 cxd4 8.
Nxd4 Qa5+ 9. Qd2 Qe5 10. Bxf6 gxf6 11. Nf3 Qxb2 12. O-O f5 13. Rab1 Qg7 14. Ng3
a6 15. Rfe1 Kd8 16. Qa5+ b6 17. Rxb6 Ke8 18. Rbxe6+ fxe6 19. Rxe6+ Kf7 20. Bc4
Bc5 21. Nxf5 1-0

[Event "Sparkassen Open A 2013"]
[Site "Dortmund GER"]
[Date "2013.08.01"]
[Round "6.12"]
[White "Schulze, Marc"]
[Black "Schoder, Volker"]
[Result "0-1"]
[WhiteElo "1926"]
[BlackElo "2095"]
[WhiteFideId "1271126"]
[BlackFideId "24602213"]
[EventDate "2013.07.27"]

1. d4 Nf6 2. Bf4 g6 3. e3 Bg7 4. c4 c5 5. Nc3 O-O 6. d5 d6 7. e4 Nh5 8. Be3 Nf6
9. f3 Nbd7 10. Qd2 a6 11. h4 h5 12. Bh6 Ne5 13. Nh3 Qa5 14. Bxg7 Kxg7 15. Nf4
Rb8 16. Be2 b5 17. cxb5 axb5 18. g4 b4 19. Nd1 hxg4 20. h5 Rh8 21. Kf2 gxf3 22.
Bxf3 Bg4 23. Bg2 c4 24. hxg6 Rxh1 25. Bxh1 Rh8 26. Bg2 fxg6 27. Ne3 Qc5 28. Kf1
Bd7 29. Rc1 Rh4 30. Qf2 Rxf4 31. Qxf4 Nd3 32. Qg5 Nxc1 33. Nf5+ Kf7 34. Nh6+ Kg7
35. Qxc1 Qd4 36. Qg5 Qe5 37. Nf5+ Bxf5 38. exf5 Qxf5+ 39. Qxf5 gxf5 40. Ke2 Nd7
41. Ke3 Kf6 42. Kd4 Nb6 43. Bf1 c3 44. bxc3 bxc3 45. Kxc3 Ke5 46. Bb5 Kxd5 47.
a4 Kc5 48. Be8 e5 49. a5 Nd5+ 50. Kd2 Nc7 51. Bd7 f4 52. Kd3 Kb4 53. a6 Nxa6 54.
Bc6 Kc5 55. Bb7 Nb4+ 56. Ke4 Nc6 57. Ba6 d5+ 58. Kf3 Kd4 59. Bf1 Nb4 0-1

[Event "Sparkassen Open A 2013"]
[Site "Dortmund GER"]
[Date "2013.08.01"]
[Round "6.14"]
[White "Simanowski, Mio"]
[Black "Garbuszus, Juergen"]
[Result "1/2-1/2"]
[WhiteElo "1864"]
[BlackElo "2071"]
[WhiteFideId "24687154"]
[BlackFideId "24600768"]
[EventDate "2013.07.27"]

1. e4 c5 2. Nf3 Nc6 3. d4 cxd4 4. Nxd4 Nf6 5. Nc3 e5 6. Ndb5 d6 7. Bg5 a6 8. Na3
b5 9. Nd5 Be7 10. Bxf6 Bxf6 11. Nxf6+ Qxf6 12. c3 Qg6 13. Qf3 O-O 14. Bd3 Bb7
15. Qg3 Qh6 16. Nc2 f5 17. f3 Ne7 18. h4 fxe4 19. fxe4 Rf4 20. Qg5 Qxg5 21. hxg5
Bxe4 22. O-O-O Bxd3 23. Rxd3 d5 24. Nb4 d4 25. cxd4 Rc8+ 26. Kb1 Nf5 27. Nxa6
Nxd4 28. Re1 Rf2 29. Rc3 Rxc3 30. bxc3 Ne2 31. Kc2 Rxg2 32. Kb3 h5 33. gxh6 gxh6
34. Rh1 Rg3 35. Rxh6 Nxc3 36. Kb4 Kg7 37. Re6 e4 38. Nc5 Nd5+ 39. Ka5 e3 40. Re5
Nc3 41. Ne4 Nxe4 42. Rxe4 Kf6 43. Kxb5 Kf5 44. Re8 Kf4 45. a4 Rg5+ 46. Kb6 Re5
47. Rf8+ Ke4 48. Rf1 Kd4 49. a5 Re6+ 50. Kb5 e2 51. Re1 Re3 52. a6 1/2-1/2

[Event "Sparkassen Open A 2013"]
[Site "Dortmund GER"]
[Date "2013.08.01"]
[Round "6.16"]
[White "Carrasco, Paul"]
[Black "Steinle, Carsten"]
[Result "0-1"]
[WhiteElo "2034"]
[BlackElo "2229"]
[WhiteFideId "2008670"]
[BlackFideId "24676462"]
[EventDate "2013.07.27"]

1. c4 b6 2. Nc3 e6 3. d4 Bb7 4. e4 Bb4 5. Bd3 f5 6. Qc2 Nf6 7. Bg5 h6 8. Bxf6
Qxf6 9. Nf3 Bxc3+ 10. bxc3 Qg6 11. Nd2 Qxg2 12. O-O-O Qxf2 13. Rdf1 Qh4 14. Rhg1
O-O 15. exf5 Nc6 16. Nf3 Qe7 17. Qd2 Rf6 18. Ne5 exf5 19. Nxc6 Bxc6 20. d5 Bb7
21. Rxf5 Re8 22. Rxf6 Qxf6 23. Kc2 Rf8 24. Rf1 Qh4 25. Rxf8+ Kxf8 26. Bg6 Qf6
27. Qg2 Ke7 28. Qe4+ Kd6 29. h4 b5 30. cxb5 Bxd5 31. Qb4+ Ke6 32. Qg4+ Ke7 33.
Kb2 Be6 34. Qb4+ d6 35. Bc2 Qe5 36. a4 g5 37. hxg5 hxg5 38. a5 Qf4 39. Be4 Qd2+
40. Kb1 Qd1+ 41. Kb2 Qe2+ 42. Kc1 Bc4 43. Bf3 Qe3+ 0-1

[Event "Sparkassen Open A 2013"]
[Site "Dortmund GER"]
[Date "2013.08.01"]
[Round "6.17"]
[White "Melmer, Felix"]
[Black "Boehm, Juergen2"]
[Result "1/2-1/2"]
[WhiteElo "2024"]
[BlackElo "2189"]
[WhiteFideId "24671878"]
[BlackFideId "4606434"]
[EventDate "2013.07.27"]

1. f4 d5 2. Nf3 Bg4 3. e3 Nd7 4. Be2 Ngf6 5. O-O Bxf3 6. Bxf3 e5 7. d4 exd4 8.
exd4 Be7 9. Nc3 Nb6 10. Qd3 c6 11. b3 Qd7 12. Bd2 O-O 13. Rae1 Rae8 14. Nd1 Bd6
15. Nf2 Rxe1 16. Rxe1 Re8 17. g3 Rxe1+ 18. Bxe1 Qe8 19. Kf1 Bf8 20. c4 dxc4 21.
bxc4 Qe6 22. Be2 g6 23. g4 Nc8 24. f5 gxf5 25. Qxf5 Qxf5 26. gxf5 Be7 27. Bd2
Nd6 28. Bd3 b5 29. c5 Nc8 30. Ne4 Nd5 31. Kg2 Kf8 32. Kf3 Bd8 33. Kg4 f6 34. h3
Kg7 35. Ng3 a5 36. Nh5+ Kf7 37. Nf4 Nxf4 38. Bxf4 Ne7 39. Be4 b4 40. Bd6 Nc8 41.
Bb8 Ne7 42. Kh5 a4 43. Bd6 Nd5 44. Bxd5+ cxd5 45. c6 b3 46. axb3 axb3 47. Ba3
Bb6 48. Bb2 Ba5 49. Kh6 Kg8 1/2-1/2

[Event "Sparkassen Open A 2013"]
[Site "Dortmund GER"]
[Date "2013.08.01"]
[Round "6.20"]
[White "Bramkamp, Rainer"]
[Black "Reisberg, Andre"]
[Result "1/2-1/2"]
[WhiteElo "2081"]
[BlackElo "1955"]
[WhiteFideId "4667298"]
[BlackFideId "1270630"]
[EventDate "2013.07.27"]

1. d4 d5 2. c4 c6 3. cxd5 cxd5 4. Bf4 Nf6 5. Nc3 a6 6. e3 Nc6 7. Bd3 e6 8. h3
Bd6 9. Bxd6 Qxd6 10. Nf3 O-O 11. O-O e5 12. dxe5 Nxe5 13. Nxe5 Qxe5 14. Qc2 Be6
15. Rac1 Rac8 16. Qb1 d4 1/2-1/2

[Event "Sparkassen Open A 2013"]
[Site "Dortmund GER"]
[Date "2013.08.01"]
[Round "6.21"]
[White "Nielsen, Frode B."]
[Black "Schroeder, Kevin"]
[Result "0-1"]
[WhiteElo "2015"]
[BlackElo "2079"]
[WhiteFideId "1405721"]
[BlackFideId "12929840"]
[EventDate "2013.07.27"]

1. c4 c5 2. Nc3 Nc6 3. g3 g6 4. Bg2 Bg7 5. Nf3 Nf6 6. O-O O-O 7. a3 d6 8. Rb1
Nd7 9. b4 Nb6 10. Qb3 Bg4 11. e3 Bf5 12. e4 Bg4 13. Nd5 Bxf3 14. Qxf3 Ne5 15.
Qb3 Nexc4 16. d3 Ne5 17. bxc5 Nxd5 18. Qxd5 dxc5 19. Rxb7 Nxd3 20. Rd7 Nxc1 21.
Rxd8 Rfxd8 22. Qc4 Nd3 23. Rd1 Rd4 24. Qa6 Nxf2 25. Rf1 Ng4 26. e5 Rad8 27. e6
Rd2 28. h3 Rxg2+ 29. Kxg2 Rd2+ 30. Kf3 Nh2+ 31. Ke3 Nxf1+ 32. Qxf1 Bh6+ 33. Ke4
fxe6 34. Qa6 Kf7 35. Qf1+ Kg7 36. Qa6 Rd4+ 37. Ke5 Bg5 38. Qc8 Bf6+ 39. Kxe6
Rd6# 0-1

[Event "Sparkassen Open A 2013"]
[Site "Dortmund GER"]
[Date "2013.08.01"]
[Round "6.24"]
[White "Giraud, Valerian"]
[Black "Hellwig, Thomas"]
[Result "1-0"]
[WhiteElo "1955"]
[BlackElo "2046"]
[WhiteFideId "12920355"]
[BlackFideId "24646547"]
[EventDate "2013.07.27"]

1. d4 Nf6 2. c4 e6 3. Nf3 c5 4. d5 exd5 5. cxd5 Bd6 6. Nc3 O-O 7. Bg5 h6 8. Bh4
Re8 9. e3 Be5 10. Nxe5 Rxe5 11. Bd3 d6 12. O-O a6 13. a4 g5 14. Bg3 Re8 15. e4
Ng4 16. h3 Ne5 17. f4 Nxd3 18. Qxd3 g4 19. e5 gxh3 20. e6 Qf6 21. Ne4 Qe7 22. f5
hxg2 23. Kxg2 1-0

[Event "Sparkassen Open A 2013"]
[Site "Dortmund GER"]
[Date "2013.08.01"]
[Round "6.27"]
[White "Hassler, Rolf"]
[Black "Agrest, Inna"]
[Result "0-1"]
[BlackTitle "WIM"]
[WhiteElo "1887"]
[BlackElo "2193"]
[WhiteFideId "4638255"]
[BlackFideId "1708830"]
[EventDate "2013.07.27"]

1. e4 e5 2. f4 exf4 3. Nf3 g5 4. h4 g4 5. Ne5 Nf6 6. d4 d6 7. Nd3 Nxe4 8. Bxf4
Qe7 9. Qe2 Nc6 10. c3 Bf5 11. Nd2 Nxd2 12. Qxe7+ Bxe7 13. Kxd2 O-O-O 14. Re1 Bf6
15. g3 Rde8 16. Bg2 h5 17. Rhf1 Rxe1 18. Nxe1 Ne7 19. Nd3 Re8 20. Be3 Bh8 21.
Nf4 Bh7 22. Nxh5 Nf5 23. Bf2 d5 24. Nf4 f6 25. Re1 Nd6 26. b3 Be4 27. Bf1 Bg7
28. Kc1 Bh6 29. Kb2 Bxf4 30. gxf4 Nf5 31. h5 g3 32. Bg1 Nh4 33. Be2 f5 34. c4
dxc4 35. h6 Bd5 36. Bxc4 Bg8 37. Kc2 Ng2 38. Kd2 Nxe1 0-1

[Event "Sparkassen Open A 2013"]
[Site "Dortmund GER"]
[Date "2013.08.01"]
[Round "6.28"]
[White "Noordhoek, Henk"]
[Black "Dyballa, Gerhard"]
[Result "1-0"]
[WhiteElo "2090"]
[BlackElo "1970"]
[WhiteFideId "1004565"]
[BlackFideId "4645189"]
[EventDate "2013.07.27"]

1. e4 e6 2. d4 d5 3. Bd3 c5 4. exd5 exd5 5. Nf3 c4 6. Be2 Bd6 7. O-O Ne7 8. b3
b5 9. a4 O-O 10. axb5 cxb3 11. c4 dxc4 12. Bxc4 Nd7 13. Nbd2 Bb7 14. Bxb3 Nb6
15. Ne5 Ng6 16. Ndf3 Nd5 17. Nc6 Bxc6 18. bxc6 Nc3 19. Qd3 Bb4 20. Qc4 a5 21.
Bd2 Ne4 22. Bxb4 axb4 23. c7 Qc8 24. Rxa8 Qxa8 25. Rc1 Nd6 26. Qxb4 Nc8 27. Qc5
Qe4 28. Bd5 Qf4 29. g3 Qf6 30. Ne5 Nxe5 31. dxe5 Qg5 32. e6 Qe7 33. exf7+ Kh8
34. Qxe7 Nxe7 35. Be6 Nc8 36. Bxc8 Rxc8 37. f8=Q+ 1-0

[Event "Sparkassen Open A 2013"]
[Site "Dortmund GER"]
[Date "2013.08.01"]
[Round "6.29"]
[White "Nepveu, Manuel"]
[Black "Algars, Olle"]
[Result "1/2-1/2"]
[WhiteElo "1955"]
[BlackElo "2090"]
[WhiteFideId "1006339"]
[BlackFideId "1702513"]
[EventDate "2013.07.27"]

1. Nf3 Nf6 2. c4 g6 3. Nc3 Bg7 4. e4 d6 5. d4 O-O 6. Be2 c6 7. O-O Bg4 8. Be3
Bxf3 9. Bxf3 Nbd7 10. Rc1 e5 11. dxe5 dxe5 12. b3 Qe7 13. Qc2 Rfd8 14. Rcd1 b6
15. Rd2 Nc5 16. Rfd1 Ne6 17. Kf1 Rxd2 18. Rxd2 Rd8 19. Qd1 Rxd2 20. Qxd2 Bf8 21.
Na4 Nd7 22. Bg4 Ndc5 23. Nxc5 Nxc5 24. Bf3 1/2-1/2

[Event "Sparkassen Open A 2013"]
[Site "Dortmund GER"]
[Date "2013.08.01"]
[Round "6.31"]
[White "Businger, Paul"]
[Black "Armbruester, Juergen"]
[Result "1/2-1/2"]
[WhiteElo "2073"]
[BlackElo "1954"]
[WhiteFideId "1306111"]
[BlackFideId "24681229"]
[EventDate "2013.07.27"]

1. e4 e5 2. Nf3 Nf6 3. Nc3 Nc6 4. Bb5 Nd4 5. Ba4 Nxf3+ 6. Qxf3 c6 7. d3 d6 8. h3
Be6 9. Bb3 Bxb3 10. axb3 Be7 11. O-O O-O 12. Ne2 Re8 13. Ng3 g6 14. Bh6 Bf8 15.
Bg5 Bg7 16. Qe3 Qb6 17. Qe2 Qc7 18. Be3 a6 1/2-1/2

[Event "Sparkassen Open A 2013"]
[Site "Dortmund GER"]
[Date "2013.08.01"]
[Round "6.32"]
[White "Scheck, Kyrill"]
[Black "Stoer, Agnes"]
[Result "1-0"]
[WhiteElo "2070"]
[BlackElo "1869"]
[WhiteFideId "1271861"]
[BlackFideId "1270593"]
[EventDate "2013.07.27"]

1. e4 c6 2. d4 d5 3. Nd2 dxe4 4. Nxe4 Bf5 5. Ng3 Bg6 6. N1e2 h6 7. Nf4 Bh7 8.
Bc4 Nf6 9. O-O e6 10. Re1 Be7 11. Qe2 Nd5 12. Nxe6 fxe6 13. Qxe6 Qd7 14. Qe5 Rg8
15. Nh5 Kd8 16. Bxd5 cxd5 17. Nxg7 Nc6 18. Ne6+ Kc8 19. Qe2 Bf5 20. c3 Bd6 21.
Nc5 Qc7 22. Qf3 Bxc5 23. Qxf5+ Qd7 24. Qxd7+ Kxd7 25. dxc5 Rg6 26. Bf4 Rag8 27.
g3 h5 28. Rad1 Ne7 29. Bd6 Nf5 30. Rxd5 1-0

[Event "Sparkassen Open A 2013"]
[Site "Dortmund GER"]
[Date "2013.08.01"]
[Round "6.34"]
[White "Biermann, Florian"]
[Black "Grahl, Matthias"]
[Result "1-0"]
[WhiteElo "1807"]
[BlackElo "1935"]
[WhiteFideId "2812630"]
[BlackFideId "4692918"]
[EventDate "2013.07.27"]

1. e4 c5 2. Nc3 d6 3. f4 Nf6 4. Nf3 g6 5. Bb5+ Bd7 6. Bc4 Bg7 7. d3 Nc6 8. e5
dxe5 9. fxe5 Ng4 10. Bxf7+ Kxf7 11. e6+ Ke8 12. exd7+ Qxd7 13. Ne4 c4 14. h3
Nge5 15. O-O cxd3 16. c3 Qd5 17. Re1 Rf8 18. Nxe5 Nxe5 19. Bg5 h6 20. Bh4 g5 21.
Bg3 Rd8 22. Nf2 d2 23. Re2 Nc4 24. Rb1 Qc5 25. Kh1 Ne3 26. Qb3 d1=Q+ 27. Nxd1
Rf1+ 28. Kh2 Nxd1 29. Qg8+ Kd7 30. Rd2+ Kc6 31. Qe6+ Rd6 32. Qc8+ Kb6 33. Qxc5+
Kxc5 34. Bxd6+ exd6 35. Rbxd1 Be5+ 36. g3 Rf3 37. Rg2 h5 38. Kg1 Bxg3 39. Rf1
Rd3 40. Re2 Be5 41. Rf5 Rg3+ 42. Kf2 h4 43. Re3 a5 44. Rxg3 hxg3+ 45. Ke2 Kc4
46. Rxg5 a4 47. Rg4+ Kc5 48. Rxa4 d5 49. Kf3 b5 50. Rg4 d4 51. Rxd4 Bxd4 52.
cxd4+ Kxd4 53. Kxg3 Kd3 54. h4 Kc2 55. h5 Kxb2 56. h6 Kxa2 57. h7 b4 58. h8=Q b3
59. Qh2+ b2 60. Qc2 Ka1 1-0

[Event "Sparkassen Open A 2013"]
[Site "Dortmund GER"]
[Date "2013.08.01"]
[Round "6.37"]
[White "Werrn, Pascal"]
[Black "Oberste, Norbert"]
[Result "1-0"]
[WhiteElo "1970"]
[BlackElo "1778"]
[WhiteFideId "4670035"]
[BlackFideId "24608432"]
[EventDate "2013.07.27"]

1. d4 f5 2. g3 e6 3. Bg2 d5 4. c4 c6 5. Nh3 Be7 6. O-O g5 7. Qc2 Na6 8. a3 h6 9.
b4 Nf6 10. Bb2 Bd7 11. Nd2 Rg8 12. f3 h5 13. e4 g4 14. Nf4 gxf3 15. Bxf3 dxe4
16. Nxe4 Ng4 17. Bxg4 hxg4 18. Nc5 Nxc5 19. dxc5 Bg5 20. Rae1 Bxf4 21. Rxf4 Qg5
22. Qd3 O-O-O 23. Be5 Be8 24. Bd6 Bf7 25. b5 Rh8 26. bxc6 Rxh2 27. cxb7+ Kxb7
28. Qb3+ Kc8 29. Qb8+ Kd7 30. Qb5+ 1-0

[Event "Sparkassen Open A 2013"]
[Site "Dortmund GER"]
[Date "2013.08.01"]
[Round "6.39"]
[White "Deinert, Wolfgang"]
[Black "Wegelin, Reinhard"]
[Result "1-0"]
[WhiteElo "1778"]
[BlackElo "1935"]
[WhiteFideId "4685229"]
[BlackFideId "1305778"]
[EventDate "2013.07.27"]

1. e4 d5 2. exd5 Nf6 3. d4 Bg4 4. Bb5+ Nbd7 5. Ne2 Nxd5 6. O-O c6 7. Ba4 e6 8.
c4 N5b6 9. Bb3 Qh4 10. c5 Nd5 11. Nbc3 O-O-O 12. Bxd5 exd5 13. b4 Be7 14. a4
Rhe8 15. Qc2 Bf6 16. Be3 Re6 17. g3 Qh3 18. Nf4 Bf5 19. Qd2 Qg4 20. f3 Rxe3 21.
fxg4 Rd3 22. Nxd3 1-0

[Event "Sparkassen Open A 2013"]
[Site "Dortmund GER"]
[Date "2013.08.02"]
[Round "7.1"]
[White "Wagner, Alexej"]
[Black "Kotainy, Jens"]
[Result "0-1"]
[BlackTitle "IM"]
[WhiteElo "2220"]
[BlackElo "2459"]
[WhiteFideId "4129555"]
[BlackFideId "24670499"]
[EventDate "2013.07.27"]

1. e4 e6 2. d4 d5 3. exd5 exd5 4. Bd3 Nc6 5. Nf3 Bd6 6. Nc3 Nf6 7. Qe2+ Be6 8.
Nb5 O-O 9. O-O Bg4 10. Be3 a6 11. Nxd6 Qxd6 12. h3 Bh5 13. c3 Rae8 14. Rae1 Re7
15. Qd1 Rfe8 16. Bg5 Bxf3 17. gxf3 Nd8 18. Rxe7 Qxe7 19. Qc2 g6 20. Bh4 Qd6 21.
Bg3 Qd7 22. Kg2 Nh5 23. Qd2 Ne6 24. Rg1 Qd8 25. Bc2 Nef4+ 26. Bxf4 Re2 27. Bg5
Rxd2 28. Bxd8 Nf4+ 29. Kh2 Rxc2 30. Bxc7 Nd3 31. Kg3 b5 32. Bf4 Kg7 33. b3 Rxa2
34. Rd1 Nxf2 35. Re1 Nd3 36. Rd1 Nxf4 37. Kxf4 Kf6 38. Rc1 a5 39. Kg3 a4 40.
bxa4 bxa4 41. c4 dxc4 42. Rxc4 a3 43. Rc6+ Ke7 44. Ra6 Ra1 45. Kg2 g5 46. Kh2 a2
47. Kg2 Kd7 48. Kh2 Kc7 49. d5 Kb7 50. Ra4 Kb6 51. d6 Kc6 52. Ra6+ Kd7 53. Kg2
Ke6 54. Kh2 h6 55. Kg2 Kd7 56. Kh2 h5 57. Kg2 h4 58. Kh2 Rf1 59. Rxa2 Rxf3 60.
Rd2 f6 61. Rd5 Re3 62. Kg2 Re6 63. Kf3 Rxd6 64. Ra5 Rd4 65. Ra6 Ke7 66. Rb6 Kf7
67. Ra6 Kg6 68. Rb6 Rd3+ 69. Kg2 Rd2+ 70. Kg1 Kf5 71. Rb5+ Kf4 72. Rb4+ Ke5 73.
Rb5+ Rd5 74. Rb4 f5 75. Ra4 Rd4 76. Ra5+ Kf4 0-1